000 00566nam a2200193Ia 4500
008 090124s9999 xx 000 0 und d
020 _a81-7486-417-2
082 _b42102
100 _aसंत प्रकाश नारायण
245 _a झुंबर
250 _a1
260 _bमौज प्रकाशन
_c2004
300 _a151
600 _aसंत प्रकाश नारायण
630 _a झुंबर
700 _aसंत प्रकाश नारायण
730 _a झुंबर
942 _cBOOK
999 _c108369
_d108369